000 00363nam a22001217a 4500
008 230626b xxu||||| |||| 00| 0 eng d
082 _a330.9
_bROB 1979
110 _bCambridge University Press
245 _aAspects of Development and Underdevelopment
260 _aUSA
_bPress Syndicate of the University of Cambridge
_c1979
300 _aIX,146p
942 _2ddc
_cBK
999 _c2652
_d2652